| 000 | 01304nam2a22002531 4500 | ||
|---|---|---|---|
| 001 | rc\3158209 | ||
| 005 | 20250530073529.0 | ||
| 021 |
_aRU _bРг3415-77 |
||
| 021 |
_aRU _b76-96441 |
||
| 035 | _a(NLR Aleph) 007300680 | ||
| 090 |
_a5707003 _c5707003 |
||
| 100 | _a20120615d1976 |||y0rusy50 ca | ||
| 101 | 0 | _arus | |
| 102 | _aRU | ||
| 105 | _aa z ||||| | ||
| 200 | 0 | _aЧ. 1 | |
| 210 |
_d1976 _aБ. м. |
||
| 215 |
_a51 с. _cил. |
||
| 461 | 0 |
_1001rc\3158208 _12001#$aТехника высоких напряжений$eКонспект лекций для студентов специальности 0303$eЧ. 1-$fМ-во высш. и сред. спец. образ. РСФСР. Сарат. политехн. ин-т$vЧ. 1 _1700#1$aСоколов$bН.М.$gНиколай Михайлович _95706995 _aСоколов, Н. М. (д-р техн. наук, электроснабжение) _cСаратов _d1976 _fМ-во высш. и сред. спец. образ. РСФСР. Сарат. политехн. ин-т _nБ. и. _oКонспект лекций для студентов специальности 0303 : Ч. 1- _tТехника высоких напряжений _vЧ. 1 |
|
| 801 | 0 |
_aRU _bNLR _gpsbo |
|
| 801 | 1 |
_aRU _bELAR _2rusmarc |
|
| 852 |
_aNLR _j77-4/4729 |
||
| 942 | _cBOOK | ||
| 980 | _aNB | ||